000 00992nam a22002417a 4500
999 _c216535
_d216535
005 20260331141720.0
008 260331b ||||| |||| 00| 0 eng d
020 _a0824750438
040 _aLC
_cUNZA
_eRDA
050 _aRC 372
_bEPI 2004
245 _aEpilepsy : scientific foundations of clinical practice /
_cedited by Jong M. Rho, University of California at Irvine College of Medicine, Irvine, California, U.S. A.; Raman Sankar, University of California, Los Angeles, Los Angeles, U.S.A. and Jose E. Cavazos, University of Texas Health Science Center at San Antonio, San Antonio, Texas, U.S.A.
260 _aNew York :
_bMarcel Dekker Inc.,
_c2004.
300 _axii, 510 pages :
_billustrations.
336 _aText
337 _aUnmediated
338 _aVolume
504 _aIncludes bibliographical references and index.
650 _aEpilepsy.
700 _aRho, Jong M.
_eeditor
700 _aSankar, Raman
_eeditor
700 _aCavazos, Jose E.
_eeditor
942 _cBOOK